000 00840cam a2200241 i 4500
001 19276458
005 20250203184624.0
008 160916s2018 maua b 001 0 eng
020 _a9780134548623
020 _a0134548620
050 0 0 _aHV9950
_b.S34 2018
082 0 0 _a364.973
_223
100 1 _aSchmalleger, Frank,
_e[author]
245 1 0 _aCriminal justice :
_ba brief introduction /
_cFrank Schmalleger, Ph.D., Distinguished Professor Emeritus, The University of North Carolina at Pembroke.
250 _aTwelfth Edition.
260 _aUSA
_bPearson
_cc2018
300 _axxiii, 438 pages :
_bcolor illustrations ;
_c27 cm
500 _aIncludes index.
650 0 _aCriminal justice, Administration of
_zUnited States.
650 0 _aCrime
_zUnited States.
650 0 _aLaw enforcement
_zUnited States.
942 _2lcc
_cBK
_e12th
_n0
999 _c3401
_d3401